Paradise lost : reflections on the struggle for authenticity in the Middle East /

محفوظ في:

المؤلف الرئيسي: Nieuwenhuijze, C. A. O. van 1920-2011.

التنسيق: كتاب

اللغة: English

منشور في: Leiden ; New York : Brill, 1997.

سلاسل: Social, economic, and political studies of the Middle East and Asia ; 56.

الموضوعات:

الوسوم: إضافة وسم

لا توجد وسوم, كن أول من يضع وسما على هذه التسجيلة!

رقم الطلب: DS36.88 .N54 1997

LEADER 01034cam a2200277 a 4500
001 96045392
003 OSt
005 20241001091851.0
008 961023s1997 ne a b 001 0 eng
999 |c 55157  |d 55157 
010 |a 96045392 
020 |a 9004106723 (cloth : alk. paper) 
040 |c ARCE Library 
043 |a ma----- 
050 4 |a DS36.88 .N54 1997 
100 1 |a Nieuwenhuijze, C. A. O. van  |q (Christoffel Anthonie Olivier),  |d 1920-2011. 
245 1 0 |a Paradise lost :   |b reflections on the struggle for authenticity in the Middle East /   |c by C.A.O. van Nieuwenhuijze. 
260 |a Leiden ;  |a New York :  |b Brill,  |c 1997. 
300 |a x, 418 p. :  |b ill. ;  |c 25 cm. 
490 1 |a Social, economic, and political studies of the Middle East and Asia ;   |v 56. 
504 |a Includes bibliographical references and indexes. 
650 0 |a Social change  |z Arab countries. 
650 0 |a Civilization, Arab. 
830 0 |a Social, economic, and political studies of the Middle East and Asia ;  |v 56. 
901 |a reviewed 
942 |2 lcc  |c BK